LDR 00948naa#a2200181#i#450# 001 RU\FGKOU VO SPBU MVD ROSSII\bibl\117588 005 20260701084730.3 011 ## _a2071-8284 100 ## _a20260630b2026####ek#y0rusy0150####ca 101 0# _aRUS 102 ## _aRU 200 1# _aАприорные основания конфиденциального содействия граждан полиции в борьбе с преступностью _eЖурнальная статья 210 1# _aСанкт-Петербург _cСАНКТ-ПЕТЕРБУРГСКИЙ УНИВЕРСИТЕТ МИНИСТЕРСТВА ВНУТРЕННИХ ДЕЛ РОССИЙСКОЙ ФЕДЕРАЦИИ _d2026 215 ## _a8 с. 608 ## _aЖурнальная статья _2local 675 ## _aУголовный розыск. Криминальная полиция. 351.745.7 _zRUS 700 #1 _aСимоненко _gДмитрий Александрович 856 4# _avestnikspbmvd.ru _u